Guess the Taylor Swift Song (Fearless TV) 23 - Statistics

General Stats
  • This quiz has been taken 6 times
  • The average score is 352 of 400
Answer Stats
Answer % Correct
a
100%
all
100%
and
100%
And
100%
be
100%
But
100%
by
100%
can
100%
can't
100%
come
100%
Come
100%
day
100%
dream
100%
gotta
100%
gotta,
100%
here
100%
I
100%
I'm
100%
in
100%
In
100%
It's
100%
just
100%
like
100%
Like
100%
me
100%
my
100%
name
100%
next
100%
night,
100%
now
100%
Now
100%
of
100%
on,
100%
on
100%
out
100%
Say
100%
standing
100%
tell
100%
that
100%
the
100%
this
100%
to
100%
up
100%
we
100%
when
100%
why
100%
you
100%
You
100%
you'd
100%
your
100%
you're
100%
caught
67%
coming
67%
diamond
67%
distant
67%
feel
67%
heaven
67%
know
67%
little
67%
Little
67%
middle
67%
million
67%
Oh,
67%
oh
67%
oh,
67%
Oh
67%
reaching
67%
side,
67%
sky
67%
spellin'
67%
Spellin'
67%
spelling
67%
stars
67%
sun
67%
than
67%
They're
67%
together
67%
Untouchable
67%
Untouchable,
67%
untouchable,
67%
wait
67%
wanna
67%
we'll
67%
won't
67%
anyway
33%
brighter
33%
burning
33%
close,
33%
close
33%
form
33%
full
33%
half
33%
saying
33%
taste
33%
undone
33%
No matching quizzes found
Score Distribution
Percent of People with Each Score
Percentile by Number Answered
Your Score History
You have not taken this quiz